000
00269nam a22001217a 4500
008
180924b xxu||||| |||| 00| 0 eng d
041
_a
eng
080
_a
610
100
_a
6
101
_a
ane
245
_a
Anesthesia And Analdesia
_c
Stogsdill.W.W
942
_2
udc
_c
BK
999
_c
48306
_d
48306